| 000 | 00349nam a2200145Ia 4500 | ||
|---|---|---|---|
| 008 | 230917s9999||||xx |||||||||||||| ||und|| | ||
| 040 |
_e87185 _aMAIN |
||
| 041 | _aEnglish | ||
| 082 | _a709.54 R152B | ||
| 100 | _aRandhawa, M S | ||
| 245 | 0 | _aBeautifying India | |
| 260 |
_aNew Delhi _bThomson Press _c1977 |
||
| 300 | _axii, 194 p. | ||
| 942 | _cBK | ||
| 999 |
_c192690 _d192690 |
||